Missing Word: Movies and Vowels Quiz Stats

Quiz Updated Mar 9, 2015

Challenge
Share
Tweet
Embed
Score 0/16 Timer 03:00
0 Plays Today
Movie Title Missing Word % Correct
My Big Fat ______ WeddingGreek
97.1%
Pee-_____'s Big AdventureWee
96.5%
42nd _____Street
95.3%
The _____ MileGreen
95.1%
_____ Me in St. LouisMeet
93.9%
_____ MagnoliasSteel
89.2%
The King's _____Speech
87.6%
The _____ HunterDeer
85.9%
Movie Title Missing Word % Correct
Sweeney Todd: The
Demon Barber of _____ Street
Fleet
66.1%
Murder, My _____Sweet
56.1%
The Big _____Sleep
52.3%
Butterflies Are _____Free
52%
Mr. _____ Goes to TownDeeds
49.4%
The _____ of LifeTree
38.4%
Shaun the _____ MovieSheep
34.4%
Donovan's _____Reef
33.8%

Today's Daily Dose

Missing Word
Fruity Song Titles

Quick Pick
Double Blanks

On This Day
June 22nd II

You're not logged in!

Compare scores with friends on all Sporcle quizzes.
Join for Free
OR
Log In

You Might Also Like...

Show Comments

Extras

Top Quizzes Today


Score Distribution

Your Account Isn't Verified!

In order to create a playlist on Sporcle, you need to verify the email address you used during registration. Go to your Sporcle Settings to finish the process.

Report this User

Report this user for behavior that violates our Community Guidelines.

Details: